Top 10 Belgian Football Transfer Records - Statistics

General Stats
  • This quiz has been taken 257 times
  • The average score is 9 of 10
Answer Stats
Rank Name Joined Left Season Fee % Correct
4 Kevie De Bruyne Manchester City VfL Wolfsburg 15/16 €76.00m
100%
2 Romelu Lukaku Chelsea FC Inter Milan 21/22 €113.00m
100%
3 Romelu Lukaku Manchester United Everton FC 17/18 €84.70m
100%
5 Romelu Lukaku Inter Milan Manchester United 19/20 €74.00m
100%
1 Eden Hazard Real Madrid Chelsea FC 19/20 €120.80m
99%
7 Jérémy Doku Manchester City Stade Rennais FC 23/24 €60.00m
93%
10 Youri Tielemans Leicester City AS Monaco 19/20 €45.00m
81%
8 Amadou Onana Aston Villa Everton FC 24/25 €59.35m
77%
6 Roméo Lavia Chelsea FC Southampton FC 23/24 €62.10m
69%
9 Christian Benteke Liverpool FC Aston Villa 15/16 €46.50m
67%
No matching quizzes found
Score Distribution
Percent of People with Each Score
Percentile by Number Answered
Your Score History
You have not taken this quiz